Object oriented programming using C++ (Record no. 196)
[ view plain ]
| 000 -LEADER | |
|---|---|
| Fixed length control field | 00469nam a2200181 4500 |
| 003 - CONTROL NUMBER IDENTIFIER | |
| Control field | SEACOMEC |
| 005 - DATE AND TIME OF LATEST TRANSACTION | |
| Control field | 20240417125621.0 |
| 008 - FIXED-LENGTH DATA ELEMENTS--GENERAL INFORMATION | |
| Fixed length control field | 231007b |||||||| |||| 00| 0 eng d |
| 020 ## - INTERNATIONAL STANDARD BOOK NUMBER / ISBN | |
| Price | APC 936 |
| 040 ## - CATALOGING SOURCE | |
| Original cataloging agency | SEACOMEC |
| 082 ## - DEWEY DECIMAL CLASSIFICATION NUMBER | |
| Classification number | 005.117 |
| Book Number | C455 |
| 100 1# - MAIN ENTRY--PERSONAL NAME | |
| Personal name | Chandra, B. |
| 245 1# - TITLE STATEMENT | |
| Title | Object oriented programming using C++ |
| Statement of responsibility | B. Chandra |
| 260 ## - IMPRINT | |
| Place of publication | New Delhi |
| Name of publisher | Narosa |
| Date of publication | 2002 |
| 650 ## - SUBJECT ADDED ENTRY--TOPICAL TERM | |
| Topical term | Computer programming, programs, data |
| 650 ## - SUBJECT ADDED ENTRY--TOPICAL TERM | |
| Topical term | Programming |
| 942 ## - ADDED ENTRY ELEMENTS (KOHA) | |
| Koha item type | Books |
| Withdrawn status | Lost status | Source of classification | Damaged status | Not for loan | Home library | Current library | Date acquired | Total Checkouts | Call number | Accession number | Date last seen | Price effective from | Koha item type |
|---|---|---|---|---|---|---|---|---|---|---|---|---|---|
| Dewey Decimal Classification | SEACOM ENGINEERING COLLEGE | SEACOM ENGINEERING COLLEGE | 04/08/2006 | 005.117 C455 | 5165 | 17/04/2024 | 17/04/2024 | Books |
